Członkowie Genzie i Piosenki Genzie - Statystyki

Ogólne statystyki
  • Ten quiz został rozwiązany 3 111 razy
  • Średni wynik to 16 z 21
Statystyki odpowiedzi
Wskazówka Odpowiedź % Poprawnych
Członek Hi Hania
96%
Członek Bartek
94%
Piosenka List Do M
94%
Członek Julita
92%
Członek Świeży
92%
Członek Fausti
91%
Członek Kostek
89%
Członek Mortalcio
88%
Członek Kartonii
82%
Piosenka Dzięki
79%
Piosenka/HaniaXŚwieży Twój Wzrok
79%
Piosenka/Hania Shadowban
75%
Piosenka/BartekXFausti FriendShip
71%
Piosenka Milion
69%
Piosenka Holiday
68%
Piosenka Pląs
68%
Piosenka/KostekXJulita Nie mam Złudzeń
61%
Piosenka Nowy Rozdział
59%
Piosenka 5 Minut
56%
Piosenka Trasa
45%
Piosenka Finał
44%
Nie znaleziono quizów pasujących do podanych kryteriów
Rozkład punktacji
Procent ludzi z każdym wynikiem
Percentyl według liczby udzielonych odpowiedzi
Twoja historia wyników
Nie rozwiązałeś tego quizu